000 00681nam a22002055i 4500
001 48650
003 ES-MaACL
005 20230906161806.0
007 t|
008 950727m18621863sp ||||1| spa d
040 _aCAM
_bspa
_cCAM
100 1 _aDíaz del Castillo, Bernal.
_944257
245 1 0 _aVerdadera historia de los sucesos de la conquista de la Nueva-España /
_cpor Bernal Diaz del Castillo.
260 _aMadrid :
_b[s.n.],
_c1862-1863 (
_fimprenta de Tejado)
300 _a3 v. ;
_c19 cm.
651 4 _aMéxico-
_xHistoria-
_y1517-1521, Descubrimiento y conquista.
_9136484
700 1 _aTejado,
_eimp.
_9201401
852 _aES-MaACL
_jG-7589-91
999 _c48650
_d48650